| 000 | 01773nam a22003257a 4500 | ||
|---|---|---|---|
| 999 |
_c21859 _d21859 |
||
| 003 | AR-CdUCM | ||
| 008 | 190425b ||||| |||| 00| 0 spa d | ||
| 040 |
_aMUNICIPALIDAD PROVINCIAL DEL CUSCO _cBIBLIOTECA MUNICIPAL DEL CUSCO |
||
| 082 | _aRev.Andi/N°47/2008 | ||
| 110 |
_aCentro Bartolomé de Las Casas _93293 |
||
| 245 |
_aRevista andina / _cCentro de estudios rurales andinos Bartolomé de Las Casas Cusco |
||
| 260 |
_aCusco : _bCentro Bartolomé de Las Casas, _c2008. |
||
| 300 |
_a219 páginas. : _c23 cm. |
||
| 440 |
_aPublicación Semestral del Centro Bartolomé de Las Casas Cusco. _nNúmero 47, Segundo semestre 2008. _946515 |
||
| 500 | _aFelipe Guamán Poma de Ayala administrador de bienes de comunidad. | ||
| 505 | _aContenido: Felipe Guaman Poma de Ayala, administrador de bienes de comunidad. José Carlos de la Puente Luna. -- Planchas, brazaletes y hachuelas: las rutas prehispánicas del metal andino desde el Guapay hasta el Pantanal. Isabelle Combès. -- Relatos sobre el origen de los cultos del período interequinoccial en la región del Cuzco. Imelda Vega-Centeno B. -- Metales andinos en la llanura santiagueña (Argentina). Carlos I. Angiorama, Constanza Taboada. -- Los chiriguano y el Tucumán colonial: una vieja polémica. Federico Bossert. | ||
| 650 |
_aCronistas _91200 |
||
| 650 |
_aFelipe Guamán Poma de Ayala _945889 |
||
| 650 |
_aMetalurgia _919102 |
||
| 650 |
_aCultura andina _946516 |
||
| 650 |
_aOrfebrería andina _946517 |
||
| 700 |
_aDe la Puente Luna, José Carlos _946518 |
||
| 700 |
_aCombès, Isabelle _946519 |
||
| 700 |
_aVega Centeno, Imelda _93249 |
||
| 700 |
_aAngiorama, Carlos _946520 |
||
| 700 |
_aTaboada, Constanza _946521 |
||
| 700 |
_aBossert, Federico _946522 |
||
| 942 |
_2ddc _cPP |
||
| 945 | _arac | ||